Catalog

Record Details

Catalog Search



Remedies for sorrow : an extraordinary child, a ... Read More

Nix, Megan,(author.).

Available copies

  • 1 of 1 copy available at LARL/NWRL Consortium.
  • 1 of 1 copy available at Lake Agassiz Regional Library. (Show preferred library)

Current holds

0 current holds with 1 total copy.

Show Only Available Copies
Location Call Number / Copy Notes Barcode Shelving Location Status Due Date
Moorhead Public Library 921 NIX (Text) 33500013815667 Main Available -

Record details

  • ISBN: 9780385548595
  • ISBN: 0385548591
  • Physical Description: xii, 318 pages ; 25 cm
  • Edition: First edition.
  • Publisher: New York : Doubleday, 2023.

Content descriptions

Bibliography, etc. Note:
Includes bibliographical references and index.
Formatted Contents Note:
Prologue -- Weeping -- Contemplation -- Company -- ... Read More
Summary, etc.:
"An inspiring memoir and work of fierce advocacy ... Read More
Subject: Virus diseases in pregnancy > United States.
Cytomegalovirus infections > United States.
Prenatal diagnosis > United States.
Abnormalities, Human > Etiology.
Maternal health services > United States.
Nix, Megan.
Parents of children with disabilities > United States > Biography.
Genre: Autobiographies.
LDR 03818cam a22005778i 4500
001413786
003LARL_NWRL_CONSORTIUM
00520230526164059.0
008221116s2023 nyu b 001 0aeng
010 . ‡a 2022025633
040 . ‡aDLC ‡beng ‡erda ‡cDLC ‡dBDX ‡dTOH ‡dOCLCF ‡dOCO ‡dILC ‡dBLP ‡dJTH
019 . ‡a1352484316 ‡a1375381879
020 . ‡a9780385548595 ‡q(hardcover)
020 . ‡a0385548591 ‡q(hardcover)
020 . ‡z9780385548601 ‡q(ebook)
035 . ‡a(OCoLC)1337525623 ‡z(OCoLC)1352484316 ‡z(OCoLC)1375381879
042 . ‡apcc
043 . ‡an-us---
08200. ‡a618/.04194 ‡223/eng/20221117
1001 . ‡aNix, Megan, ‡eauthor.
24510. ‡aRemedies for sorrow : ‡ban extraordinary child, a secret kept from pregnant women, and a mother's pursuit of the truth / ‡cMegan Nix.
250 . ‡aFirst edition.
264 1. ‡aNew York : ‡bDoubleday, ‡c2023.
300 . ‡axii, 318 pages ; ‡c25 cm
336 . ‡atext ‡btxt ‡2rdacontent
337 . ‡aunmediated ‡bn ‡2rdamedia
338 . ‡avolume ‡bnc ‡2rdacarrier
5050 . ‡aPrologue -- Weeping -- Contemplation -- Company -- Pleasure -- Caretaking -- Epilogue.
520 . ‡a"An inspiring memoir and work of fierce advocacy by a mother whose child is born deaf, leading her to investigate and expose a preventable virus that causes more childhood disabilities than any other--but is kept quiet by the medical community. One virus causes more birth defects and disabilities in children than any other infectious disease, yet 93% of Americans don't know it exists. In 2015, after an outwardly uneventful pregnancy, Megan Nix's second daughter, Anna, was born terribly small and failed her newborn hearing test. Megan and her husband learned that Anna is completely deaf and could have lifelong delays due to an infection in the womb with cytomegalovirus, or CMV, a disease Megan unknowingly contracted from her toddler during pregnancy. While doctors warn pregnant women against the risks of saunas, sushi, and unpasteurized cheese, they don't mention that CMV is contagious in the saliva of one out of three toddlers, spread through a kiss, a shared cup, a bite of unfinished toast. Anna's diagnosis led Megan to years of in-depth research, uncovering a shocking fact: obstetricians in the United States are advised not to mention CMV to women during their pregnancies. Unfolding across the dramatic landscape of Sitka, Alaska, where Megan's husband makes his living as a salmon fisherman, Remedies for Sorrow is lyrically written and a searing critique of the paternalistic practice of "benevolent deception" in medicine"-- ‡cProvided by publisher.
504 . ‡aIncludes bibliographical references and index.
650 0. ‡aVirus diseases in pregnancy ‡zUnited States.
650 0. ‡aCytomegalovirus infections ‡zUnited States.
650 0. ‡aPrenatal diagnosis ‡zUnited States.
650 0. ‡aAbnormalities, Human ‡xEtiology. ‡0(LARL_NWRL_CONSORTIUM)12694
650 0. ‡aMaternal health services ‡zUnited States.
60010. ‡aNix, Megan.
650 0. ‡aParents of children with disabilities ‡zUnited States ‡vBiography.
655 7. ‡aAutobiographies. ‡2lcgft
905 . ‡uvanderl
901 . ‡a413786 ‡b ‡c413786 ‡tbiblio ‡soclc

Additional Resources